Name All LaLiga Teams 24/25 - Statistics

General Stats
  • This quiz has been taken 49 times
  • The average score is 12 of 19
Answer Stats
Answer % Correct
Real Madrid
100%
Barcelona
98%
Athletic Bilbao
83%
Sevilla
78%
Real Betis
76%
Valencia
76%
Villareal
71%
Real Sociedad
63%
Celta Vigo
61%
Getafe
59%
Mallorca
56%
Osasuna
56%
Espanyol
54%
Las Palmas
49%
Real Valladolid
49%
Rayo Vallecano
41%
Leganes
34%
Athletico Madrid
32%
Deportivo Alaves
32%
No matching quizzes found
Score Distribution
Percent of People with Each Score
Percentile by Number Answered
Your Score History
You have not taken this quiz